Statistics for Neighborhoods of Boston

Click here to take the quiz!

General Stats

  • This quiz has been taken 364 times
  • The average score is 14 of 22

Answer Stats

HintAnswer% Correct
16North End
84%
8Dorchester
81%
14Mid-Dorchester
81%
2Back Bay
80%
19South Boston
80%
18Roxbury
76%
20South End
73%
4Beacon Hill
67%
6Charlestown
65%
10Fenway-Kenmore
65%
12Jamaica Plain
65%
9East Boston
64%
7Chinatown-Leather District
60%
1Allston
59%
22West Roxbury
58%
13Mattapan
56%
5Brighton
55%
21West End
49%
17Roslindale
42%
11Hyde Park
40%
15Mission Hill
34%
3Bay Village
18%

Score Distribution

Percentile by Number Answered

Percent of People with Each Score

Your Score History

You have not taken this quiz